000 00524nam a2200145 a 4500
008 120416s0000 ||||||||||||||||| || u
020 _a0912164034
050 _aHF 5635 Eit
100 _aEiteman, Wilford John, 1902-
245 1 0 _aEssentials of accounting theory
260 _aAnn Arbor, Michigan
_bMasterco Press
_c1961
300 _av, 64p. : ill
350 _a0.00
995 _D0.00
_FCBU-MAIN LIBRARY (Kitwe)
_H1
_I4.50
_UAVAILABLE
_ZMain Library Open Access Collection
999 _c42409
_d42409